Hướng dẫn tổ chức thực hiện chương trình giáo dục mầm non nhà trẻ (3-36 tháng tuổi)
Shranjeno v:
| Glavni avtor: | |
|---|---|
| Format: | Knjiga |
| Izdano: |
HN.
Giáo dục Việt Nam
2009
|
| Oznake: |
Označite
Brez oznak, prvi označite!
|
| Thư viện lưu trữ: | Trung tâm Học liệu Lê Vũ Hùng, Trường Đại học Đồng Tháp |
|---|
| LEADER | 00719pam a22001818a 4500 | ||
|---|---|---|---|
| 001 | 00039074 | ||
| 005 | 20171026081025.0 | ||
| 008 | 170517s2009 ||||||Viesd | ||
| 041 | 0 | # | |a Vie |
| 082 | 1 | 4 | |a 372.21 |b H561D |
| 100 | 1 | # | |a Trần Thị Ngọc Trâm |
| 245 | 1 | 0 | |a Hướng dẫn tổ chức thực hiện chương trình giáo dục mầm non nhà trẻ (3-36 tháng tuổi) |c Trần Thị Ngọc Trâm...[và các tác giả khác] |
| 260 | # | # | |a HN. |b Giáo dục Việt Nam |c 2009 |
| 300 | # | # | |a 211 tr. |c 27 cm |
| 852 | # | # | |b Kho đọc |j KD.1001055 |
| 852 | # | # | |j KD.0025996 |
| 910 | |d 17/05/2017 | ||
| 980 | # | # | |a Trung tâm Học liệu Lê Vũ Hùng, Trường Đại học Đồng Tháp |